| 000 | 01378nam0a2200361 4500 | ||
|---|---|---|---|
| 001 | RU\NLR\BIBL_A\010823637 | ||
| 005 | 20260406093411.0 | ||
| 010 |
_a978-5-86471-705-9 _93000 |
||
| 021 |
_aRU _b2015-51593 _93052 |
||
| 035 | _a(NILC)LIBNET\0000566207 | ||
| 035 | _a(NLR Aleph) 010823637 | ||
| 090 |
_a10253608 _c10253608 |
||
| 100 | _a20150819d2015 |||y0rusy50 ca | ||
| 101 | 1 |
_arus _ceng |
|
| 102 | _aRU | ||
| 105 | _aach|z|||000zy | ||
| 200 | 1 |
_aДури еще хватает _eвоспоминания _e[роман] _fСтивен Фрай _g[пер. с англ. С. Ильина] |
|
| 210 |
_aМосква _cPhantom Press _d2015 |
||
| 215 |
_a382, [1] с., [20] л. ил., цв. ил., портр., факс. _d22 |
||
| 333 | _a18+ | ||
| 600 | 1 |
_aФрай _bС. _f1957 _gСтивен _xАвтобиография _92091736 _3RU\NLR\AUTH\661569553 |
|
| 686 |
_a84.4Вел-49 _vLBC/PL _2rubbk |
||
| 686 |
_a83.3(4Вел)-8 Фрай С. _vLBC/PL _2rubbk |
||
| 686 | 1 | _aШ5(4Вл)6-4Фрай12 | |
| 686 | 1 | _aЩ374.3(4Вл)6-86Фрай | |
| 700 | 1 |
_aФрай _bС. _f1957- _gСтивен _3RU\NLR\AUTH\7766127 _949056 |
|
| 801 | 0 |
_aRU _bЦУНБ Москва _c20150701 _grcr |
|
| 801 | 1 |
_aRU _bЦУНБ Москва _c20150701 _grcr _2rusmarc |
|
| 942 | _cBOOK | ||
| 980 | _aNB | ||